<?xml version="1.0" encoding="UTF-8"?>
<record
    xmlns:xsi="http://www.w3.org/2001/XMLSchema-instance"
    xsi:schemaLocation="http://www.loc.gov/MARC21/slim http://www.loc.gov/standards/marcxml/schema/MARC21slim.xsd"
    xmlns="http://www.loc.gov/MARC21/slim">

  <leader>00807nam a22002415a 4500</leader>
  <controlfield tag="005">20171214151135.0</controlfield>
  <controlfield tag="008">110420s2010    si a   frb    001 0 eng d</controlfield>
  <datafield tag="020" ind1=" " ind2=" ">
    <subfield code="a">9810681445</subfield>
  </datafield>
  <datafield tag="020" ind1=" " ind2=" ">
    <subfield code="a">9789810681449</subfield>
  </datafield>
  <datafield tag="040" ind1=" " ind2=" ">
    <subfield code="a">EG-ScBUE</subfield>
    <subfield code="b">eng</subfield>
    <subfield code="c">EG-ScBUE</subfield>
    <subfield code="d">EG-ScBUE</subfield>
  </datafield>
  <datafield tag="082" ind1="0" ind2="4">
    <subfield code="a">670.42</subfield>
    <subfield code="b">KAL</subfield>
    <subfield code="2">22</subfield>
  </datafield>
  <datafield tag="100" ind1="1" ind2=" ">
    <subfield code="a">Kalpakjian, Serope.   </subfield>
    <subfield code="9">23239</subfield>
  </datafield>
  <datafield tag="245" ind1="1" ind2="0">
    <subfield code="a">Manufacturing engineering and technology /</subfield>
    <subfield code="c">Serope Kalpakjian, Steven R. Schmid &amp; Hamidon Musa</subfield>
  </datafield>
  <datafield tag="250" ind1=" " ind2=" ">
    <subfield code="a">6th ed.</subfield>
  </datafield>
  <datafield tag="260" ind1=" " ind2=" ">
    <subfield code="a">Singapore :</subfield>
    <subfield code="b">Prentice Hall,</subfield>
    <subfield code="c">2010.</subfield>
  </datafield>
  <datafield tag="300" ind1=" " ind2=" ">
    <subfield code="a">xvii, 1180 p. :</subfield>
    <subfield code="b">ill. ;</subfield>
    <subfield code="c">26 cm.</subfield>
  </datafield>
  <datafield tag="504" ind1=" " ind2=" ">
    <subfield code="a">Includes bibliographical references and index.</subfield>
  </datafield>
  <datafield tag="650" ind1=" " ind2="7">
    <subfield code="a">Production engineering.</subfield>
    <subfield code="2">BUEsh</subfield>
    <subfield code="9">23240</subfield>
  </datafield>
  <datafield tag="650" ind1=" " ind2="7">
    <subfield code="a">Manufacturing processes.</subfield>
    <subfield code="2">BUEsh</subfield>
    <subfield code="9">23241</subfield>
  </datafield>
  <datafield tag="651" ind1=" " ind2=" ">
    <subfield code="2">BUEsh</subfield>
  </datafield>
  <datafield tag="653" ind1=" " ind2=" ">
    <subfield code="b">ENGELC</subfield>
    <subfield code="c">December2017</subfield>
  </datafield>
  <datafield tag="942" ind1=" " ind2=" ">
    <subfield code="2">ddc</subfield>
  </datafield>
  <datafield tag="999" ind1=" " ind2=" ">
    <subfield code="c">15159</subfield>
    <subfield code="d">15159</subfield>
  </datafield>
  <datafield tag="952" ind1=" " ind2=" ">
    <subfield code="0">0</subfield>
    <subfield code="1">0</subfield>
    <subfield code="2">ddc</subfield>
    <subfield code="4">0</subfield>
    <subfield code="7">0</subfield>
    <subfield code="8">Baccah</subfield>
    <subfield code="a">MAIN</subfield>
    <subfield code="b">MAIN</subfield>
    <subfield code="c">1ST</subfield>
    <subfield code="d">2011-04-20</subfield>
    <subfield code="e">purchase</subfield>
    <subfield code="g">180.00</subfield>
    <subfield code="l">6</subfield>
    <subfield code="m">14</subfield>
    <subfield code="o">670.42 KAL</subfield>
    <subfield code="p">000023335</subfield>
    <subfield code="q">2015-03-18</subfield>
    <subfield code="r">2015-02-16 00:00:00</subfield>
    <subfield code="s">2015-02-16</subfield>
    <subfield code="y">BB</subfield>
  </datafield>
  <datafield tag="952" ind1=" " ind2=" ">
    <subfield code="0">0</subfield>
    <subfield code="1">0</subfield>
    <subfield code="2">ddc</subfield>
    <subfield code="4">0</subfield>
    <subfield code="7">0</subfield>
    <subfield code="8">Baccah</subfield>
    <subfield code="a">MAIN</subfield>
    <subfield code="b">MAIN</subfield>
    <subfield code="c">1ST</subfield>
    <subfield code="d">2011-04-20</subfield>
    <subfield code="e">purchase</subfield>
    <subfield code="g">180.00</subfield>
    <subfield code="l">3</subfield>
    <subfield code="o">670.42 KAL</subfield>
    <subfield code="p">000023336</subfield>
    <subfield code="r">2025-07-15 00:00:00</subfield>
    <subfield code="s">2015-05-21</subfield>
    <subfield code="y">NB</subfield>
  </datafield>
  <datafield tag="952" ind1=" " ind2=" ">
    <subfield code="0">0</subfield>
    <subfield code="1">0</subfield>
    <subfield code="2">ddc</subfield>
    <subfield code="4">0</subfield>
    <subfield code="7">0</subfield>
    <subfield code="8">Baccah</subfield>
    <subfield code="a">MAIN</subfield>
    <subfield code="b">MAIN</subfield>
    <subfield code="c">1ST</subfield>
    <subfield code="d">2011-04-20</subfield>
    <subfield code="e">Purchase</subfield>
    <subfield code="g">180.00</subfield>
    <subfield code="l">13</subfield>
    <subfield code="m">78</subfield>
    <subfield code="o">670.42 KAL</subfield>
    <subfield code="p">000044541</subfield>
    <subfield code="r">2025-07-15 00:00:00</subfield>
    <subfield code="s">2016-05-19</subfield>
    <subfield code="y">BB</subfield>
  </datafield>
  <datafield tag="952" ind1=" " ind2=" ">
    <subfield code="0">0</subfield>
    <subfield code="1">0</subfield>
    <subfield code="2">ddc</subfield>
    <subfield code="4">0</subfield>
    <subfield code="7">0</subfield>
    <subfield code="8">Baccah</subfield>
    <subfield code="a">MAIN</subfield>
    <subfield code="b">MAIN</subfield>
    <subfield code="c">1ST</subfield>
    <subfield code="d">2011-04-20</subfield>
    <subfield code="e">purchase</subfield>
    <subfield code="g">180.00</subfield>
    <subfield code="l">12</subfield>
    <subfield code="m">79</subfield>
    <subfield code="o">670.42 KAL</subfield>
    <subfield code="p">000028698</subfield>
    <subfield code="r">2025-07-15 00:00:00</subfield>
    <subfield code="s">2022-10-05</subfield>
    <subfield code="y">BB</subfield>
  </datafield>
  <datafield tag="952" ind1=" " ind2=" ">
    <subfield code="0">0</subfield>
    <subfield code="1">0</subfield>
    <subfield code="2">ddc</subfield>
    <subfield code="4">0</subfield>
    <subfield code="7">0</subfield>
    <subfield code="8">Baccah</subfield>
    <subfield code="a">MAIN</subfield>
    <subfield code="b">MAIN</subfield>
    <subfield code="c">1ST</subfield>
    <subfield code="d">2011-04-20</subfield>
    <subfield code="g">180.00</subfield>
    <subfield code="l">10</subfield>
    <subfield code="m">139</subfield>
    <subfield code="o">670.42 KAL</subfield>
    <subfield code="p">000023343</subfield>
    <subfield code="r">2022-08-24 00:00:00</subfield>
    <subfield code="s">2022-02-23</subfield>
    <subfield code="y">BB</subfield>
  </datafield>
  <datafield tag="952" ind1=" " ind2=" ">
    <subfield code="0">0</subfield>
    <subfield code="1">0</subfield>
    <subfield code="2">ddc</subfield>
    <subfield code="4">0</subfield>
    <subfield code="7">0</subfield>
    <subfield code="a">MAIN</subfield>
    <subfield code="b">MAIN</subfield>
    <subfield code="c">1ST</subfield>
    <subfield code="d">2017-12-14</subfield>
    <subfield code="e">Purchase</subfield>
    <subfield code="l">6</subfield>
    <subfield code="m">42</subfield>
    <subfield code="o">670.42 KAL</subfield>
    <subfield code="p">000042650</subfield>
    <subfield code="r">2024-11-19 00:00:00</subfield>
    <subfield code="s">2021-05-23</subfield>
    <subfield code="y">BB</subfield>
  </datafield>
</record>
